Introduction to functional analysis (Record no. 8178)

MARC details
000 -LEADER
fixed length control field 00468nam a2200169Ia 4500
008 - FIXED-LENGTH DATA ELEMENTS--GENERAL INFORMATION
fixed length control field 230917s9999||||xx |||||||||||||| ||und||
020 ## - ISBN
Price EUR 39.99 (RS 3518.32)
040 ## - CATALOGING SOURCE
-- 5008047
Original cataloging agency VIVEKANANDA LIBRARY
041 ## - Language
-- English
082 ## - DDC NUMBER
Classification number 515.7 C567I
100 ## - MAIN ENTRY--PERSONAL NAME
Personal name Clason, Christian
245 #0 - TITLE STATEMENT
Title Introduction to functional analysis
260 ## - PUBLICATION, DISTRIBUTION, ETC. (IMPRINT)
Place of publication, distribution, etc Germany
Name of publisher, distributor, etc Birkháuser
Date of publication, distribution, etc 2020
300 ## - PHYSICAL DESCRIPTION
Pages x, 170 p.
500 ## - GENERAL NOTE
General note 4973 02/01/2023 NPH23/00405 20/01/2023 Main Budget
942 ## - ADDED ENTRY ELEMENTS (KOHA)
Koha item type Books
Holdings
Withdrawn status Lost status Damaged status Not for loan Location (home branch) Sublocation or collection (holding branch) Date acquired Koha issues (times borrowed) Koha full call number Accession No. Koha date last seen Koha item type
        VIVEKANANDA LIBRARY VIVEKANANDA LIBRARY 04/03/2023   515.7 C567I 403487 17/09/2023 Books
© Designed and Maintained by Vivekananda Library, MDU Rohtak